| 000 -LEADER |
| fixed length control field |
01463cam a2200397 a 4500 |
| 001 - CONTROL NUMBER |
| control field |
8842194 |
| 003 - CONTROL NUMBER IDENTIFIER |
| control field |
USPCAS-E |
| 005 - DATE AND TIME OF LATEST TRANSACTION |
| control field |
20180118181415.0 |
| 006 - FIXED-LENGTH DATA ELEMENTS--ADDITIONAL MATERIAL CHARACTERISTICS |
| fixed length control field |
m d |
| 007 - PHYSICAL DESCRIPTION FIXED FIELD--GENERAL INFORMATION |
| fixed length control field |
cr n |
| 008 - FIXED-LENGTH DATA ELEMENTS--GENERAL INFORMATION |
| fixed length control field |
090618s2009 fluaf sb 001 0 eng d |
| 015 ## - NATIONAL BIBLIOGRAPHY NUMBER |
| National bibliography number |
GBA988897 |
| Source |
bnb |
| 016 7# - NATIONAL BIBLIOGRAPHIC AGENCY CONTROL NUMBER |
| Record control number |
015366480 |
| Source |
Uk |
| 020 ## - INTERNATIONAL STANDARD BOOK NUMBER |
| International Standard Book Number |
9781420062564 (hardcover : alk. paper) |
| 020 ## - INTERNATIONAL STANDARD BOOK NUMBER |
| International Standard Book Number |
1420062565 (hardcover : alk. paper) |
| 035 ## - SYSTEM CONTROL NUMBER |
| System control number |
(WaSeSS)ssj0000288118 |
| 040 ## - CATALOGING SOURCE |
| Original cataloging agency |
DLC |
| Transcribing agency |
DLC |
| Modifying agency |
BTCTA |
| -- |
BAKER |
| -- |
YDXCP |
| -- |
UKM |
| -- |
C#P |
| -- |
CDX |
| -- |
DLC |
| -- |
WaSeSS |
| 050 #4 - LIBRARY OF CONGRESS CALL NUMBER |
| Classification number |
TP352 |
| Item number |
.A38 2009 |
| 082 00 - DEWEY DECIMAL CLASSIFICATION NUMBER |
| Classification number |
660.2995 |
| Edition number |
22 |
| Author Mark |
DAV-A 2010 |
| 210 10 - ABBREVIATED TITLE |
| Abbreviated title |
Advances in Fischer-Tropsch synthesis, catalysts, and catalysis |
| 245 00 - TITLE STATEMENT |
| Title |
Advances in Fischer-Tropsch synthesis, catalysts, and catalysis |
| Medium |
[electronic resource] / |
| Statement of responsibility, etc. |
[editors], Burtron H. Davis, Mario L. Occelli. |
| 260 ## - PUBLICATION, DISTRIBUTION, ETC. |
| Place of publication, distribution, etc. |
Boca Raton : |
| Name of publisher, distributor, etc. |
CRC Press, |
| Date of publication, distribution, etc. |
c2010. |
| 490 1# - SERIES STATEMENT |
| Series statement |
Chemical industries ; |
| Volume/sequential designation |
128 |
| 502 ## - DISSERTATION NOTE |
| Dissertation note |
0 |
| 504 ## - BIBLIOGRAPHY, ETC. NOTE |
| Bibliography, etc. note |
Includes bibliographical references and index. |
| 506 ## - RESTRICTIONS ON ACCESS NOTE |
| Terms governing access |
License restrictions may limit access. |
| 650 #0 - SUBJECT ADDED ENTRY--TOPICAL TERM |
| Topical term or geographic name entry element |
Fischer-Tropsch process. |
| 650 #0 - SUBJECT ADDED ENTRY--TOPICAL TERM |
| Topical term or geographic name entry element |
Catalysts. |
| 700 1# - ADDED ENTRY--PERSONAL NAME |
| Personal name |
Davis, Burtron H., |
| Dates associated with a name |
1934- |
| 700 1# - ADDED ENTRY--PERSONAL NAME |
| Personal name |
Occelli, Mario L., |
| Dates associated with a name |
1942- |
| 773 #0 - HOST ITEM ENTRY |
| Title |
CHEMLIBnetBASE |
| 830 #0 - SERIES ADDED ENTRY--UNIFORM TITLE |
| Uniform title |
Chemical industries ; |
| Volume/sequential designation |
v. 128. |
| 856 40 - ELECTRONIC LOCATION AND ACCESS |
| Uniform Resource Identifier |
<a href="http://www.columbia.edu/cgi-bin/cul/resolve?clio8842194">http://www.columbia.edu/cgi-bin/cul/resolve?clio8842194</a> |
| Public note |
Full text available from CHEMLIBnetBASE |
| 910 ## - USER-OPTION DATA (OCLC) |
| User-option data |
Library of Congress record |
| 942 ## - ADDED ENTRY ELEMENTS (KOHA) |
| Source of classification or shelving scheme |
|
| Koha item type |
Book |